Valorizace mezd v rozpočtových organizacích.

Smerný rast miezd v súvislosti s rastom životných nákladov na federálnej a republikovej úrovni v r. 1991 v rozpočtových organizáciách. Rozdielna valorizácia miezd v školstve a zdravotníctve ČR a SR. Systém odvodov z miezd pre rok 1992.

Enregistré dans:
Détails bibliographiques
Auteur principal: Kočárník, I.
Format: Chapitre de livre
Langue:tchèque
Sujets:
Tags: Ajouter un tag
Pas de tags, Soyez le premier à ajouter un tag!

MARC

LEADER 00000naa a2200000 4500
001 r007547
005 20221125081042.2
041 0 |a cze 
044 |a [CS] 
245 1 0 |a Valorizace mezd v rozpočtových organizacích.  |c I. Kočárník 
520 |a Smerný rast miezd v súvislosti s rastom životných nákladov na federálnej a republikovej úrovni v r. 1991 v rozpočtových organizáciách. Rozdielna valorizácia miezd v školstve a zdravotníctve ČR a SR. Systém odvodov z miezd pre rok 1992. 
610 2 0 |a mzdy 
610 2 0 |a náklady životné 
610 2 0 |a ČSFR 
610 2 0 |a Slovensko 
610 2 0 |a Čechy 
610 2 0 |a 1991 
610 2 0 |a odvody 
610 2 0 |a školstvo 
610 2 0 |a zdravotníctvo 
610 2 0 |a 1992 
100 1 |a Kočárník, I.